Players KVC Westerlo 22-23 - Statistics

General Stats
  • This quiz has been taken 9 times
  • The average score is 19 of 28
Answer Stats
Picture Answer % Correct
Kyan Vaesen
100%
Bryan Reynolds
75%
Erdon Daci
75%
Griffin Yow
75%
Igor Vetokele
75%
Koen Van Langendonck
75%
Lukas Van Eenoo
75%
Lyle Foster
75%
Mathias Fixelles
75%
Maxim De Cuyper
75%
Nacer Chadli
75%
Nene Dorgeles
75%
Nicolas Madsen
75%
Pietro Perdichizzi
75%
Roman Neustadter
75%
Sinan Bolat
75%
Thomas Van Den Keybus
75%
Tuur Dierckx
75%
Yusuku Matsuo
75%
Edisson Jordanov
50%
Halil Akbunar
50%
Jan Bernat
50%
Kouya Mabea
50%
Lucas Mineiro
50%
Muhammed Gümüskaya
50%
Nick Gillekens
50%
Ravil Tagir
50%
Rubin Seigers
50%
No matching quizzes found
Score Distribution
Percent of People with Each Score
Percentile by Number Answered
Your Score History
You have not taken this quiz